00841nam a2200205 a 450000100100000000500170001000800410002702000150006804000250008308200180010810000330012624500610015926001390022030000210035950000580038071000490043804900090048795201220049699900170061800002556220200930023859.0110217s1989 xxu r 000 0 eng d a0935501177 aDO-SdBNPbspacBNPHU axxxxxxbR175p1 aRamos, Marcos Antonio93425410aProtestantism and revolution in Cuba /cMarcos A. Ramos. aFlorida, Estados Unidos :bInsitute for Interamerican Studies, Graduate School of International Studies :bUniversity of Miami,c1989. a168 p. ;c21 cm. aEn la portada : Research Institute for Cuban Studies.1 aResearch Institute for Cuban Studies.952235 aBNGR 001054708MOaGRbGRcCTd2011-02-17iLF1l0oxxxxxx R175pp25562-10r2020-06-25w2020-06-25y4ZPréstamo en sala c25054d25054